| 000 | 00804nam a22002057a 4500 | ||
|---|---|---|---|
| 005 | 20240326154729.0 | ||
| 010 | _aHIN-127223 | ||
| 020 |
_a9789380515571 _c950.00 |
||
| 035 | _aHN-99569 | ||
| 037 | _bDBAD/PUB. | ||
| 082 | _a808.08 | ||
| 100 |
_aअंजना संधीर _963946 |
||
| 245 |
_aझिलमिल झिलमिल यादे/ _cअंजना संधीर |
||
| 250 | _a1 | ||
| 260 |
_aनई दिल्ली _bमानसी प्रकाशन _c2020 |
||
| 270 |
_a4760-61 द्वितीय तल 23 अंसारी रोड दरियागंज _bनई दिल्ली _e110002 |
||
| 300 |
_a296 पृ; _c23 सेमी (सजिल्द) |
||
| 700 | _963915 | ||
| 942 |
_adpl _cHN _2ddc _h808.08 _mअंजना |
||
| 999 |
_c201778 _d201778 |
||